Music Quiz

Random Music or Bands Quiz

Backing Bands Quiz Stats

 Plays Quiz Updated Dec 16, 2018

Support Sporcle.
Go Orange.
Score 0/28 Timer 06:00
0 Plays Today
Lead Band % Correct
Tom Petty and...The Heartbreakers
84.2%
Kool and...The Gang
81.7%
KC and...The Sunshine Band
80.3%
Huey Lewis and...The News
79.1%
Bruce Springsteen and...The E Street Band
76.6%
Bob Marley and...The Wailers
73.9%
Sly and...The Family Stone
69.7%
Gladys Knight and...The Pips
67.1%
Bill Haley and...His Comets
63.2%
Adam and...The Ants
56.3%
Joan Jett and...The Blackhearts
53.3%
Bob Seger and...The Silver Bullet Band
47.2%
Prince and...The Revolution
45.4%
Siouxsie and...The Banshees
44.4%
Lead Band % Correct
Martha Reeves and...The Vandellas
35.6%
Bruce Hornsby and...The Range
33.9%
Paul Revere and...The Raiders
30.6%
Nick Cave and...The Bad Seeds
28.9%
Frank Zappa and...The Mothers of Invention
27%
Elvis Costello and...The Attractions
26.2%
Edie Brickell and...New Bohemians
25.7%
Grandmaster Flash and...The Furious Five
25.7%
Tommy James and...The Shondells
24.4%
Frankie Lymon and...The Teenagers
17.4%
Ben Harper and...The Innocent Criminals
15.7%
Lisa Loeb and...Nine Stories
10.9%
Ziggy Marley and...The Melody Makers
7.8%
Otis Redding and...The Bar Kays
2.3%

From the Vault

Click a Chris

by DesertSpartan

Now here's some guys that went from zeros to heroes.
Remove Ads.
Support Sporcle.
Get the best of Sporcle when you Go Orange. This ad-free experience offers more features, more stats, and more fun while also helping to support Sporcle. Thank you for becoming a member.

Show Comments

Extras

Top Quizzes Today


Score Distribution

Your Account Isn't Verified!

In order to create a playlist on Sporcle, you need to verify the email address you used during registration. Go to your Sporcle Settings to finish the process.

Report this User

Report this user for behavior that violates our Community Guidelines.

Details: